Traité des lois, ou recueil des fragments, en partie inédits, de cet ouvrage, texte revu sur les manuscrits, précédé d'un notice historique et critique, et augmenté d'un choix de pièces justificatives, la plupart inédites / (Record no. 154274)

MARC details
000 -LEADER
campo de control de longitud fija 01033nam a2200241 i 4500
001 - NÚMERO DE CONTROL
campo de control 154274
003 - IDENTIFICADOR DE NÚMERO DE CONTROL
campo de control ES-MaACL
005 - FECHA Y HORA DE LA ÚLTIMA TRANSACCIÓN
campo de control 20250805062549.0
008 - DATOS DE LONGITUD FIJA--INFORMACIÓN GENERAL
campo de control de longitud fija 041105s1858 fr |||| | fre d
040 ## - FUENTE DE CATALOGACIÓN
Centro catalogador/agencia de origen CAM
Lengua de catalogación spa
Centro/agencia transcriptor CAM
100 1# - ENTRADA PRINCIPAL--NOMBRE DE PERSONA
Nombre de persona Gemistus Plethon, Georgius.
9 (RLIN) 127281
245 10 - MENCIÓN DEL TÍTULO
Título Traité des lois, ou recueil des fragments, en partie inédits, de cet ouvrage, texte revu sur les manuscrits, précédé d'un notice historique et critique, et augmenté d'un choix de pièces justificatives, la plupart inédites /
Mención de responsabilidad, etc. par C. Alexandre; traduction par A. Pellissier.
260 ## - PUBLICACIÓN, DISTRIBUCIÓN, ETC.
Lugar de publicación, distribución, etc. Paris :
Nombre del editor, distribuidor, etc. Libraire de Firmin Didot Frères, fils et C\pie\s,
Fecha de publicación, distribución, etc. 1858.
300 ## - DESCRIPCIÓN FÍSICA
Extensión C, 472 p. ;
Dimensiones 22 cm.
500 ## - NOTA GENERAL
Nota general Texto paralelo en griego y francés.
594 ## - Nota al título y mención de responsabilidad
Nota al título y mención de responsabilidad Precede autor y título en griego.
650 #4 - PUNTO DE ACCESO ADICIONAL DE MATERIA--TÉRMINO DE MATERIA
Término de materia o nombre geográfico como elemento de entrada Religión-
Subdivisión general Filosofía
9 (RLIN) 16799
650 #4 - PUNTO DE ACCESO ADICIONAL DE MATERIA--TÉRMINO DE MATERIA
Término de materia o nombre geográfico como elemento de entrada Política-
Subdivisión general Filosofía
9 (RLIN) 16274
700 1# - ENTRADA AGREGADA--NOMBRE PERSONAL
Nombre de persona Alexandre, C.
9 (RLIN) 125605
700 1# - ENTRADA AGREGADA--NOMBRE PERSONAL
Nombre de persona Pellissier, A.
9 (RLIN) 130949
852 ## - LOCALIZACIÓN
Ubicación ES-MaACL
Número de control de estantería G-12095
Nota libre -- Enc. hol.
Holdings
Estatus retirado Estado de pérdida Estado de daño No para préstamo Colección Biblioteca de origen Biblioteca actual Ubicación en estantería Fecha de adquisición Fuente de adquisición Total de préstamos Signatura topográfica completa Código de barras Visto por última vez Precio de reemplazo Tipo de ítem Koha
        Libros del s. XIX Biblioteca del Ateneo de Madrid Biblioteca del Ateneo de Madrid Sala Pecera Planta 3 17/01/2008     G-12095 1161321 23/02/2023 23/02/2023 Libro impreso antiguo